000 00918nab a2200253 u 4500
001 19992
003 HDC
007 cr bn ---aaaaa
008 210303c |r|noo 0 a d
040 _aHDC
100 _aD. KANYAKUMARIANDHEMANANTHANI SIVANANDAM,
_eauthor
_918213
245 0 _aJAMIL KHIR: WE WILL FURTHER DISCUSS PRETZEL'S NAME WITH COMPANY /
_cby D. KANYAKUMARIANDHEMANANTHANI SIVANANDAM
260 _a[No place] :
_b[publisher not identified],
_c2016
336 _atext
_2rdacontent
337 _acomputer
_2rdamedia
338 _aonline resource
_2rdacarrier
650 _aFood chain
_917641
650 _aHalal certificate
_9482
710 _aTHE STAR ONLINE
856 _zRequest full-text at [email protected]
942 _2lcc
942 _cNEWS
942 _kNWSO 009879
999 _c17308
_d17308